|
|
|
|
| LEADER |
00000cam a2200000 7i4500 |
| 001 |
0000003716 |
| 005 |
20110420.0 |
| 020 |
0 |
0 |
|a 9839269429
|
| 090 |
0 |
0 |
|a JPSM577.698
|b SUS 2005
|
| 245 |
0 |
0 |
|a Sustainable management of Matang Mangroves: 100 years and beyond
|c edited by Shaharudin. et [all...]
|
| 260 |
0 |
0 |
|a Kuala Lumpur :
|b Forestry Department Peninsular Malaysia ,
|c 2005
|
| 300 |
|
|
|a 531p. :
|b ill.(col.) ;
|c 26 cm.
|
| 650 |
0 |
0 |
|a Mangroves
|
| 700 |
1 |
1 |
|a A.Latiff
|
| 700 |
1 |
1 |
|a Azahar Muda
|
| 700 |
1 |
1 |
|a Jalil Md. Som
|
| 700 |
1 |
1 |
|a Kamaruzaman Ali Budin
|
| 700 |
1 |
1 |
|a Lim, K.L
|
| 700 |
1 |
1 |
|a Razani Ujang
|
| 700 |
1 |
1 |
|a Shaharudin Mohamad Ismail
|
| 700 |
1 |
1 |
|a Suhaili Rosli
|
| 999 |
|
|
|a 007306
|b Monograph
|c Open Shelf
|e Default branch
|
| 999 |
|
|
|a 007307
|b Monograph
|c Open Shelf
|e Default branch
|
| 999 |
|
|
|a 007308
|b Monograph
|c Open Shelf
|e Default branch
|
| 999 |
|
|
|a 007309
|b Monograph
|c Open Shelf
|e Default branch
|
| 999 |
|
|
|a 007310
|b Monograph
|c Open Shelf
|e Default branch
|